Short introduction to strategic human resource management / (Record no. 2692)
| 000 -LEADER | |
|---|---|
| fixed length control field | 02536cam a2200361 i 4500 |
| 001 - CONTROL NUMBER | |
| control field | 17269611 |
| 003 - CONTROL NUMBER IDENTIFIER | |
| control field | OSt |
| 005 - DATE AND TIME OF LATEST TRANSACTION | |
| control field | 20160811085347.0 |
| 008 - FIXED-LENGTH DATA ELEMENTS--GENERAL INFORMATION | |
| fixed length control field | 120424s2012 enk b 001 0 eng |
| 010 ## - LIBRARY OF CONGRESS CONTROL NUMBER | |
| LC control number | 2012016908 |
| 020 ## - INTERNATIONAL STANDARD BOOK NUMBER | |
| International Standard Book Number | 9781107027817 (hardback) |
| 020 ## - INTERNATIONAL STANDARD BOOK NUMBER | |
| International Standard Book Number | 9781107608832 (paperback) |
| 040 ## - CATALOGING SOURCE | |
| Original cataloging agency | DLC |
| Language of cataloging | eng |
| Transcribing agency | DLC |
| Description conventions | rda |
| Modifying agency | DLC |
| 042 ## - AUTHENTICATION CODE | |
| Authentication code | pcc |
| 050 00 - LIBRARY OF CONGRESS CALL NUMBER | |
| Classification number | HF5549.C2977 2012 |
| 082 00 - DEWEY DECIMAL CLASSIFICATION NUMBER | |
| Classification number | 658.3/01 |
| Edition number | 23 |
| 084 ## - OTHER CLASSIFICATION NUMBER | |
| Classification number | BUS030000 |
| Source of number | bisacsh |
| 100 1# - MAIN ENTRY--PERSONAL NAME | |
| Personal name | Cascio, Wayne F., |
| Relator term | author. |
| 245 10 - TITLE STATEMENT | |
| Title | Short introduction to strategic human resource management / |
| Statement of responsibility, etc | Wayne F. Cascio and John W. Boudreau. |
| 300 ## - PHYSICAL DESCRIPTION | |
| Extent | ix, 222 pages ; |
| Dimensions | 22 cm. |
| 490 0# - SERIES STATEMENT | |
| Series statement | Cambridge short introductions |
| 504 ## - BIBLIOGRAPHY, ETC. NOTE | |
| Bibliography, etc | Includes bibliographical references and index. |
| 505 8# - FORMATTED CONTENTS NOTE | |
| Formatted contents note | Machine generated contents note: 1. What is strategy?; 2. The external environment; 3. Aligning human resource strategy within the organization; 4. Human resource strategy as risk optimization; 5. Human resource strategy: linkages, anchor points, and outcomes; 6. Human resource strategy: communication and engagement; 7. Outcomes of successful business and HR strategies; 8. Future forces and trends driving HR strategy. |
| 520 ## - SUMMARY, ETC. | |
| Summary, etc | "This Short Introduction to Strategic Human Resource Management provides a concise treatment of the key elements of strategic HRM using an innovative risk-management approach. It emphasizes the importance of the decisions, processes and choices organizations make about managing people and shows how workforce management directly affects strategic organizational outcomes. It provides guidance for managers on how to make better human capital decisions in order to achieve strategic success more effectively. Reflecting an increasing uncertainty in global business, Cascio and Boudreau consider ways of dealing with risk in managing human capital. Numerous examples in every chapter illustrate key points with real business cases from around the world"-- |
| 650 #0 - SUBJECT ADDED ENTRY--TOPICAL TERM | |
| Topical term or geographic name as entry element | Personnel management. |
| 650 #0 - SUBJECT ADDED ENTRY--TOPICAL TERM | |
| Topical term or geographic name as entry element | Strategic planning. |
| 650 #7 - SUBJECT ADDED ENTRY--TOPICAL TERM | |
| Topical term or geographic name as entry element | BUSINESS & ECONOMICS / Human Resources & Personnel Management. |
| Source of heading or term | bisacsh |
| 700 1# - ADDED ENTRY--PERSONAL NAME | |
| Personal name | Boudreau, John W., |
| Relator term | author. |
| 856 42 - ELECTRONIC LOCATION AND ACCESS | |
| Materials specified | Cover image |
| Uniform Resource Identifier | <a href="http://assets.cambridge.org/97811070/27817/cover/9781107027817.jpg">http://assets.cambridge.org/97811070/27817/cover/9781107027817.jpg</a> |
| 906 ## - LOCAL DATA ELEMENT F, LDF (RLIN) | |
| a | 7 |
| b | cbc |
| c | orignew |
| d | 1 |
| e | ecip |
| f | 20 |
| g | y-gencatlg |
| 942 ## - ADDED ENTRY ELEMENTS (KOHA) | |
| Source of classification or shelving scheme | |
| Koha item type | Book |
| Withdrawn status | Lost status | Source of classification or shelving scheme | Damaged status | Not for loan | Home library | Current library | Shelving location | Date acquired | Total Checkouts | Full call number | Barcode | Date last seen | Date checked out | Copy number | Price effective from | Koha item type |
|---|---|---|---|---|---|---|---|---|---|---|---|---|---|---|---|---|
| Riara University Library | Riara University Library | General stack | 11/08/2016 | 2 | HF5549.C2977 2012 | 7417/16 | 28/03/2024 | 14/03/2024 | C.1 | 11/08/2016 | Book |
